000 00870nam a22002177a 4500
003 BUBTL
008 211028b ||||| |||| 00| 0 eng d
020 _a9847025403673
082 _a954.925/ P2636b/ 2020
100 _94317
_aপাশা, সোহরাব
245 _aবঙ্গবন্ধু ও একাত্তরের পদাবলী /
_cসোহরাব পাশা
250 _a1st Edn
260 _aDhaka:
_bRoyal publishers,
_cc2020
300 _a64 p.:
_c22 cm.
505 _aবঙ্গবন্ধু, সোহরাব পাশা, মুক্তিযুদ্ধ, ভাষা আন্দোলন ও রাজনৈতিক কবিতা, Bangabandhu
546 _aBengali
650 0 _93573
_aবঙ্গবন্ধু
856 _k0
_l0
_yDownload
942 _2ddc
_cBK
999 _c6564
_d6564